[Event "ODJM A 2019"]
[Site "Willingen GER"]
[Date "2019.06.09"]
[Round "2"]
[White "Brunner, Jan"]
[Black "Pahl, Theis"]
[Result "1-0"]
[Termination "normal"]
[Board "30"]
[WhiteElo "2046"]
[BlackElo "2029"]
[PlyCount "81"]
[WhiteFideId "12981010"]
[BlackFideId "16201264"]
[EventCountry "GER"]
[EventRounds "9"]
[EventType "swiss"]
[EventDate "2019.06.08"]

1. d4 Nf6 2. c4 g6 3. Nf3 Bg7 4. g3 d5 5. cxd5 Nxd5 6. Bg2 Nb6 7. O-O Nc6 8. e3
O-O 9. Nc3 Re8 10. Nh4 a5 11. f4 a4 12. Kh1 f5 13. Rb1 Nb4 14. b3 a3 15. Qe2
N6d5 16. Nxd5 Nxd5 17. Bd2 Be6 18. e4 fxe4 19. Qxe4 Bf7 20. f5 Qd6 21. fxg6
hxg6 22. Rxf7 Kxf7 23. Qxd5+ Qxd5 24. Bxd5+ e6 25. Rf1+ Kg8 26. Bxb7 Rab8 27.
Bc6 Red8 28. Nxg6 Rxd4 29. Bf4 Kh7 30. Ne5 Rb6 31. Bf3 Rb5 32. Re1 Bxe5 33.
Bxe5 Rd2 34. Be4+ Kg8 35. Bc3 Rxa2 36. Bd3 Rh5 37. h4 Rh6 38. Kg1 e5 39. Bb1
Rc6 40. Bxa2 Rxc3 41. Kf2 1-0

[Event "ODJM A 2019"]
[Site "Willingen GER"]
[Date "2019.06.09"]
[Round "2"]
[White "Fröhlich, Franziska"]
[Black "Gorainow, Nikita"]
[Result "0-1"]
[Termination "normal"]
[Board "31"]
[WhiteElo "1820"]
[BlackElo "1923"]
[PlyCount "66"]
[WhiteFideId "12988596"]
[BlackFideId "12970093"]
[EventCountry "GER"]
[EventRounds "9"]
[EventType "swiss"]
[EventDate "2019.06.08"]

1. e4 c5 2. c3 Nf6 3. e5 Nd5 4. d4 cxd4 5. cxd4 d6 6. Nf3 Nc6 7. a3 e6 8. Bd3
Be7 9. O-O O-O 10. Nbd2 dxe5 11. dxe5 Nf4 12. Bb1 Qc7 13. Re1 b6 14. Qc2 Ng6
15. h4 Rd8 16. h5 Nf8 17. Ne4 Ba6 18. Qc3 Rac8 19. Bf4 Na5 20. Qe3 Nc4 21. Qe2
Qb7 22. Bd3 Rxd3 23. Qxd3 Nxe5 24. Qb3 Nd3 25. Be5 Nxe1 26. Rxe1 Bc4 27. Qe3 f6
28. Bc3 Bd5 29. Ned2 Bc5 30. Qf4 e5 31. Qh4 Be7 32. Qh2 Ne6 33. Nh4 Nf4 0-1

[Event "ODJM A 2019"]
[Site "Willingen GER"]
[Date "2019.06.09"]
[Round "2"]
[White "Paeslack, Luis"]
[Black "Reucker, Friedrich"]
[Result "0-1"]
[Termination "normal"]
[Board "32"]
[WhiteElo "2014"]
[BlackElo "1939"]
[PlyCount "99"]
[WhiteFideId "12987760"]
[BlackFideId "12993670"]
[EventCountry "GER"]
[EventRounds "9"]
[EventType "swiss"]
[EventDate "2019.06.08"]

1. d4 Nf6 2. c4 e6 3. Nf3 d5 4. Bg5 Nbd7 5. Nc3 Bb4 6. e3 c5 7. cxd5 exd5 8.
Bb5 Qa5 9. Bxd7+ Bxd7 10. Bxf6 Bxc3+ 11. bxc3 Qxc3+ 12. Nd2 gxf6 13. Rc1 Qa3
14. Rxc5 Qxa2 15. O-O Rc8 16. Nb3 Ke7 17. Ra5 Qc2 18. Rxa7 Qxd1 19. Rxd1 b6 20.
Rda1 Kd6 21. f3 Rc3 22. Nd2 Rxe3 23. Rb7 Kc6 24. Raa7 Be6 25. Rc7+ Kb5 26. Kf2
Rd3 27. Nb1 Rc8 28. Rxc8 Bxc8 29. Rxf7 Rxd4 30. Rxf6 Ka5 31. g4 Rb4 32. Nc3 d4
33. Nd5 Rb2+ 34. Kg3 d3 35. Ne3 Re2 36. Nc4+ Kb4 37. Nxb6 Be6 38. Rf8 d2 39.
Rd8 Bb3 40. Nd5+ Bxd5 41. Rxd5 Kc3 42. h4 Re3 43. Rxd2 Kxd2 44. g5 Ke2 45. h5
Rxf3+ 46. Kg4 Kf2 47. h6 Kg2 48. Kh4 Rg3 49. Kh5 Kf3 50. g6 0-1

[Event "ODJM A 2019"]
[Site "Willingen GER"]
[Date "2019.06.09"]
[Round "2"]
[White "Kracht, Raphael"]
[Black "Kamp, Adrian"]
[Result "1/2-1/2"]
[Termination "normal"]
[Board "33"]
[WhiteElo "1976"]
[BlackElo "1865"]
[PlyCount "104"]
[WhiteFideId "16214382"]
[BlackFideId "16222466"]
[EventCountry "GER"]
[EventRounds "9"]
[EventType "swiss"]
[EventDate "2019.06.08"]

1. e4 c5 2. d4 cxd4 3. c3 dxc3 4. Nxc3 Nc6 5. Nf3 e6 6. Bc4 a6 7. O-O b5 8. Bb3
Bb7 9. Re1 Nge7 10. Bg5 f6 11. Be3 Na5 12. Nd4 Nxb3 13. Qxb3 Nc6 14. Rac1 Nxd4
15. Bxd4 Be7 16. f4 O-O 17. f5 Kh8 18. fxe6 dxe6 19. Red1 Re8 20. Kh1 Qb8 21.
Qxe6 Bd6 22. Qf5 Bxh2 23. Bxf6 Qf4 24. Bxg7+ Kg8 25. Qd7 Qh4 26. Qh3 Qxh3 27.
gxh3 Bf4 28. Rc2 Rxe4 29. Kg1 Be3+ 30. Kh2 Re6 31. Bd4 Bf4+ 32. Kg1 Rg6+ 33.
Kf1 Rf8 34. Rf2 Bc8 35. Rd3 Bg3 36. Rxf8+ Kxf8 37. Bc5+ Kg7 38. Ne4 Bxh3+ 39.
Ke2 Bg4+ 40. Kf1 Bh3+ 41. Ke2 Bg4+ 42. Kf1 Be5 43. Bd4 Bh3+ 44. Rxh3 Bxd4 45.
b3 Rg1+ 46. Ke2 Ra1 47. Kd3 Be5 48. Rh5 Bb8 49. Rg5+ Kf7 50. Rh5 Kg6 51. Rg5+
Kf7 52. Rh5 Kg6 1/2-1/2

[Event "ODJM A 2019"]
[Site "Willingen GER"]
[Date "2019.06.09"]
[Round "2"]
[White "Pepi, Lucas"]
[Black "Nasoyan, Maksim"]
[Result "0-1"]
[Termination "normal"]
[Board "34"]
[WhiteElo "1918"]
[BlackElo "1878"]
[PlyCount "72"]
[WhiteFideId "12944920"]
[BlackFideId "16220331"]
[EventCountry "GER"]
[EventRounds "9"]
[EventType "swiss"]
[EventDate "2019.06.08"]

1. e4 e5 2. Nf3 Nc6 3. Bb5 Bc5 4. c3 Nf6 5. d4 exd4 6. e5 Ne4 7. O-O O-O 8.
cxd4 Bb6 9. d5 Ne7 10. Bd3 f5 11. Bxe4 fxe4 12. Ng5 Ng6 13. Qh5 h6 14. Qxg6
hxg5 15. Bxg5 Qe8 16. Qxe4 d6 17. e6 c6 18. Nc3 cxd5 19. Qxd5 Bxe6 20. Qxd6 Bc4
21. Nd5 Bxf1 22. Ne7+ Kh7 23. Rxf1 Rd8 24. Qe6 Qh5 25. Qe4+ g6 26. h4 Bxf2+ 27.
Rxf2 Rd1+ 28. Kh2 Rxf2 29. Qxb7 Rf7 30. Qe4 Rd7 31. g4 Rdxe7 32. Bxe7 Qb5 33.
h5 Qxb2+ 34. Kh3 Qc3+ 35. Kh4 Rg7 36. Bf8 Qf6+ 0-1

[Event "ODJM A 2019"]
[Site "Willingen GER"]
[Date "2019.06.09"]
[Round "2"]
[White "Weber, Jannis"]
[Black "Leser, Stefan"]
[Result "1-0"]
[Termination "normal"]
[Board "35"]
[WhiteElo "1889"]
[BlackElo "1779"]
[PlyCount "71"]
[WhiteFideId "12990760"]
[BlackFideId "12997706"]
[EventCountry "GER"]
[EventRounds "9"]
[EventType "swiss"]
[EventDate "2019.06.08"]

1. e4 e6 2. d4 d5 3. Nd2 Nf6 4. e5 Nfd7 5. Bd3 c5 6. c3 Nc6 7. Ne2 cxd4 8. cxd4
f6 9. exf6 Nxf6 10. Nf3 Bd6 11. O-O Qc7 12. Bg5 O-O 13. Nc3 a6 14. Rc1 h6 15.
Bh4 Nh5 16. Bb1 Qf7 17. Qd3 g5 18. Bg3 Nf4 19. Bxf4 Bxf4 20. Rcd1 Bd7 21. Rfe1
Rad8 22. Qg6+ Qxg6 23. Bxg6 Be8 24. Rxe6 Bxg6 25. Rxg6+ Kf7 26. Rxh6 g4 27. Rh4
Rg8 28. h3 Bc1 29. Rxc1 gxf3 30. Rf4+ Ke6 31. Re1+ Kd6 32. Rf6+ Kc7 33. Rxf3
Nxd4 34. Rd3 Nc2 35. Rc1 d4 36. Ne2 1-0

[Event "ODJM A 2019"]
[Site "Willingen GER"]
[Date "2019.06.09"]
[Round "2"]
[White "Martin, Richard"]
[Black "Brockmeyer, Tobias"]
[Result "0-1"]
[Termination "normal"]
[Board "36"]
[WhiteElo "1951"]
[BlackElo "1896"]
[PlyCount "56"]
[WhiteFideId "12925691"]
[BlackFideId "12982385"]
[EventCountry "GER"]
[EventRounds "9"]
[EventType "swiss"]
[EventDate "2019.06.08"]

1. e4 c5 2. c3 Nf6 3. e5 Nd5 4. Nf3 e6 5. d4 cxd4 6. cxd4 d6 7. Bc4 Be7 8. O-O
O-O 9. Qe2 b6 10. Nc3 Nxc3 11. bxc3 Bb7 12. Bd3 dxe5 13. Nxe5 Nd7 14. Nxd7 Qxd7
15. f4 Rac8 16. Bd2 Bf6 17. a4 Rfd8 18. a5 Bxd4+ 19. cxd4 Qxd4+ 20. Be3 Qxd3
21. Qxd3 Rxd3 22. Bf2 bxa5 23. Bxa7 Rd5 24. Bb6 Ra8 25. Rfc1 Rb5 26. Bf2 a4 27.
Rd1 Bd5 28. Rdc1 f6 0-1

[Event "ODJM A 2019"]
[Site "Willingen GER"]
[Date "2019.06.09"]
[Round "2"]
[White "Müller, Magnus"]
[Black "Rothenberg, Jannik"]
[Result "1-0"]
[Termination "normal"]
[Board "37"]
[WhiteElo "1837"]
[BlackElo "1795"]
[PlyCount "87"]
[WhiteFideId "16230060"]
[BlackFideId "16204743"]
[EventCountry "GER"]
[EventRounds "9"]
[EventType "swiss"]
[EventDate "2019.06.08"]

1. Nf3 g6 2. e4 Bg7 3. d4 d6 4. Bc4 Nf6 5. Qe2 O-O 6. O-O c6 7. Bb3 b5 8. Rd1
Qb6 9. e5 Ne8 10. Bg5 e6 11. Be7 d5 12. a4 a5 13. h4 b4 14. Qe3 Na6 15. h5 Ra7
16. Bxf8 Bxf8 17. Nbd2 c5 18. c3 bxc3 19. bxc3 cxd4 20. Nxd4 Rc7 21. Rab1 Qc5
22. Rdc1 Qe7 23. Nb5 Rd7 24. c4 Bb7 25. hxg6 hxg6 26. Nf3 dxc4 27. Bxc4 Nb4 28.
Rd1 Rxd1+ 29. Rxd1 Nc7 30. Nd6 Bd5 31. Bxd5 Ncxd5 32. Qc5 Qd8 33. Nd4 Qg5 34.
Qa7 Be7 35. Nf3 Qg4 36. Rd4 Nf4 37. Rxf4 Qxf4 38. Qxe7 Qc1+ 39. Kh2 Qf4+ 40.
Kh3 Nd3 41. Qh4 Qc1 42. Qd8+ Kh7 43. Qf6 Qh6+ 44. Kg3 1-0

[Event "ODJM A 2019"]
[Site "Willingen GER"]
[Date "2019.06.09"]
[Round "2"]
[White "Meiwes, Thore"]
[Black "Jurga, Jonas Vincent"]
[Result "1/2-1/2"]
[Termination "normal"]
[Board "38"]
[WhiteElo "1933"]
[BlackElo "1879"]
[PlyCount "55"]
[WhiteFideId "16201256"]
[BlackFideId "12968013"]
[EventCountry "GER"]
[EventRounds "9"]
[EventType "swiss"]
[EventDate "2019.06.08"]

1. d4 d5 2. Bf4 Nf6 3. e3 Bf5 4. c4 Bxb1 5. Rxb1 e6 6. a3 Bd6 7. Bg3 O-O 8. Nf3
c5 9. dxc5 Bxc5 10. Be2 Bd6 11. cxd5 Bxg3 12. hxg3 Qxd5 13. O-O Nc6 14. Qa4
Rfd8 15. Rfd1 Qa5 16. Qxa5 Nxa5 17. Ne5 Nb3 18. Rxd8+ Rxd8 19. Rd1 Rxd1+ 20.
Bxd1 Nc5 21. Bc2 Nfd7 22. Nxd7 Nxd7 23. Kf1 Kf8 24. Ke2 Ke7 25. b4 Kd6 26. f3
h6 27. Bb3 f6 28. Ba4 1/2-1/2

[Event "ODJM A 2019"]
[Site "Willingen GER"]
[Date "2019.06.09"]
[Round "2"]
[White "Recktenwald, Cedric"]
[Black "Kesselmeier, Kevin"]
[Result "1-0"]
[Termination "normal"]
[Board "39"]
[WhiteElo "1839"]
[BlackElo "1937"]
[PlyCount "123"]
[WhiteFideId "12971928"]
[BlackFideId "16217551"]
[EventCountry "GER"]
[EventRounds "9"]
[EventType "swiss"]
[EventDate "2019.06.08"]

1. e4 c5 2. Nf3 d6 3. Bb5+ Nd7 4. O-O e6 5. Re1 a6 6. Bf1 Be7 7. d4 cxd4 8.
Nxd4 Ngf6 9. c4 O-O 10. Nc3 Qc7 11. b3 b6 12. Bb2 Bb7 13. g3 Rac8 14. Bg2 Rfd8
15. Qe2 Qb8 16. Rad1 Bf8 17. g4 Qa8 18. g5 Ne8 19. h4 Nc7 20. Nc2 b5 21. Ne3
Nc5 22. Ng4 b4 23. Nb1 e5 24. Qe3 N7e6 25. Bf3 Nf4 26. Bc1 Be7 27. Kh2 Nce6 28.
Qb6 Ng6 29. Kg3 Rb8 30. Qxb4 d5 31. Qa5 dxe4 32. Bh1 Nd4 33. h5 Ne2+ 34. Kh2
Rxd1 35. Rxd1 Nxc1 36. hxg6 Nd3 37. gxf7+ Kxf7 38. Nxe5+ Nxe5 39. Qxe5 Rd8 40.
Qf5+ Ke8 41. Rxd8+ Qxd8 42. Bxe4 Bd6+ 43. Kg2 Bxe4+ 44. Qxe4+ Kf8 45. Qf5+ Kg8
46. Nc3 Be7 47. Ne4 Qc7 48. Qe6+ Kf8 49. Qf5+ Kg8 50. Qd5+ Kf8 51. Kf3 Qh2 52.
Ng3 Qh4 53. Qf5+ Kg8 54. Qg4 Qxg5 55. Qxg5 Bxg5 56. Ke4 Kf7 57. Kd5 Bf4 58. c5
Ke8 59. Nh5 Bh6 60. Kc6 Kd8 61. Kb7 g6 62. c6 1-0

[Event "ODJM A 2019"]
[Site "Willingen GER"]
[Date "2019.06.09"]
[Round "2"]
[White "Flach, Helene"]
[Black "Bajorski, Marius"]
[Result "1/2-1/2"]
[Termination "normal"]
[Board "40"]
[WhiteElo "1829"]
[BlackElo "1967"]
[PlyCount "40"]
[WhiteFideId "12929735"]
[BlackFideId "12938831"]
[EventCountry "GER"]
[EventRounds "9"]
[EventType "swiss"]
[EventDate "2019.06.08"]

1. e4 c5 2. Nf3 a6 3. c3 d5 4. exd5 Qxd5 5. d4 Nf6 6. h3 e6 7. Be3 cxd4 8. cxd4
Nc6 9. Nc3 Qd6 10. Bd3 Be7 11. O-O O-O 12. a3 b5 13. Rc1 Bb7 14. Qe2 b4 15. Ne4
Nxe4 16. Bxe4 Rab8 17. a4 Na5 18. Bxb7 Nxb7 19. Ne5 Rbc8 20. Rfd1 Na5 1/2-1/2

[Event "ODJM A 2019"]
[Site "Willingen GER"]
[Date "2019.06.09"]
[Round "2"]
[White "Bender, Felix"]
[Black "Zha, Kevin"]
[Result "0-1"]
[Termination "normal"]
[Board "41"]
[WhiteElo "1678"]
[BlackElo "1764"]
[PlyCount "54"]
[WhiteFideId "16215656"]
[BlackFideId "16208951"]
[EventCountry "GER"]
[EventRounds "9"]
[EventType "swiss"]
[EventDate "2019.06.08"]

1. e4 g6 2. d4 Bg7 3. Nc3 d6 4. Be3 a6 5. Qd2 b5 6. f3 Nd7 7. a4 b4 8. Nd5 a5
9. Bd3 Bb7 10. Nf4 c5 11. c3 Ngf6 12. d5 O-O 13. h4 Ne5 14. h5 Nxd3+ 15. Qxd3
bxc3 16. bxc3 Ba6 17. Qd2 Nd7 18. hxg6 hxg6 19. Rc1 Ne5 20. Ngh3 Rb8 21. Qf2 e6
22. Qg3 exd5 23. Ng5 Re8 24. Rh7 dxe4 25. Qh4 Bc4 26. Kf2 exf3 27. Rh1 Qf6 0-1

[Event "ODJM A 2019"]
[Site "Willingen GER"]
[Date "2019.06.09"]
[Round "2"]
[White "Weigand, Anton"]
[Black "Weimert, Miriam"]
[Result "1-0"]
[Termination "normal"]
[Board "42"]
[WhiteElo "1889"]
[BlackElo "1903"]
[PlyCount "73"]
[WhiteFideId "16221915"]
[BlackFideId "12966703"]
[EventCountry "GER"]
[EventRounds "9"]
[EventType "swiss"]
[EventDate "2019.06.08"]

1. e4 c5 2. c3 g6 3. Nf3 Bg7 4. Bc4 Qc7 5. O-O e6 6. d3 Ne7 7. Bg5 Nbc6 8. Qd2
O-O 9. Bh6 d5 10. exd5 exd5 11. Bxg7 Kxg7 12. Bb3 Bg4 13. Bd1 b5 14. Qg5 Be6
15. Nbd2 Nf5 16. Nb3 Nce7 17. d4 c4 18. Nc5 Nc6 19. Re1 Rfe8 20. a3 Nd6 21. Bc2
Nb7 22. Nxe6+ fxe6 23. Ne5 Nxe5 24. Rxe5 Nd6 25. Re3 Nf5 26. Bxf5 exf5 27. Rae1
Qd8 28. Re7+ Rxe7 29. Rxe7+ Kg8 30. Qf6 Qf8 31. Qe6+ Kh8 32. Qe5+ Kg8 33. Qxd5+
Kh8 34. Qf7 Qh6 35. Qf6+ Kg8 36. Qe6+ Kh8 37. Qe5+ 1-0

[Event "ODJM A 2019"]
[Site "Willingen GER"]
[Date "2019.06.09"]
[Round "2"]
[White "Klugstedt, Vincent C."]
[Black "Kemper, Yannick"]
[Result "1/2-1/2"]
[Termination "normal"]
[Board "43"]
[WhiteElo "1827"]
[BlackElo "1856"]
[PlyCount "67"]
[WhiteFideId "16216393"]
[BlackFideId "12977470"]
[EventCountry "GER"]
[EventRounds "9"]
[EventType "swiss"]
[EventDate "2019.06.08"]

1. d4 Nf6 2. c4 g6 3. Nc3 Bg7 4. e4 d6 5. f3 O-O 6. Be3 c5 7. dxc5 dxc5 8. Qxd8
Rxd8 9. Bxc5 Nc6 10. a3 Nd7 11. Be3 Nde5 12. Be2 Nd3+ 13. Bxd3 Bxc3+ 14. Ke2
Bxb2 15. Ra2 Bd4 16. f4 e5 17. g3 Bg4+ 18. Kf2 exf4 19. gxf4 Bf6 20. Be2 Bh4+
21. Kg2 Bxe2 22. Nxe2 Rd3 23. Kf3 Rad8 24. Rb1 b6 25. Rb5 Nd4+ 26. Nxd4 R8xd4
27. Rd5 Rxd5 28. cxd5 Be7 29. Ke2 Rxa3 30. Rxa3 Bxa3 31. Kd3 Kf8 32. Kc4 Ke7
33. Kb5 Kd6 34. Bd4 1/2-1/2

[Event "ODJM A 2019"]
[Site "Willingen GER"]
[Date "2019.06.09"]
[Round "2"]
[White "Matthes, Aaron"]
[Black "Jenner, Meikel"]
[Result "0-1"]
[Termination "normal"]
[Board "44"]
[WhiteElo "1791"]
[BlackElo "1797"]
[PlyCount "74"]
[WhiteFideId "16227310"]
[BlackFideId "16245342"]
[EventCountry "GER"]
[EventRounds "9"]
[EventType "swiss"]
[EventDate "2019.06.08"]

1. d4 Nf6 2. Bf4 e6 3. e3 c5 4. c3 Nc6 5. Nd2 d5 6. Ngf3 Bd6 7. Bg3 Bxg3 8.
hxg3 Qe7 9. Bb5 a6 10. Bxc6+ bxc6 11. Ne5 cxd4 12. cxd4 c5 13. dxc5 Qxc5 14.
Rc1 Qb4 15. Qc2 Bd7 16. Rh4 Qd6 17. Ndf3 Ke7 18. Nxd7 Nxd7 19. Nd4 Ne5 20. f4
Nc4 21. Kf2 Rac8 22. Rxh7 Nxe3 23. Nc6+ Rxc6 24. Qxc6 Nd1+ 25. Kf3 Qxc6 26.
Rxc6 Rxh7 27. Rc2 Rh1 28. Rd2 Rg1 29. a3 Kd6 30. Rc2 a5 31. b4 axb4 32. axb4 f6
33. b5 Rf1+ 34. Ke2 Rf2+ 35. Kxd1 Rxc2 36. Kxc2 Kc5 37. Kd3 e5 0-1

[Event "ODJM A 2019"]
[Site "Willingen GER"]
[Date "2019.06.09"]
[Round "2"]
[White "Helmer, Jan"]
[Black "Kratz, Alexander"]
[Result "1-0"]
[Termination "normal"]
[Board "45"]
[WhiteElo "1900"]
[BlackElo "1741"]
[PlyCount "49"]
[WhiteFideId "12956686"]
[BlackFideId "16228529"]
[EventCountry "GER"]
[EventRounds "9"]
[EventType "swiss"]
[EventDate "2019.06.08"]

1. d4 e6 2. Nf3 Nf6 3. e3 Be7 4. Bd3 b6 5. O-O Bb7 6. Nbd2 d5 7. b3 Nbd7 8. Bb2
Rc8 9. Ne5 Nxe5 10. dxe5 Ne4 11. Bxe4 dxe4 12. Qe2 c5 13. Rad1 Qc7 14. Qg4 O-O
15. Nxe4 Bxe4 16. Qxe4 c4 17. c3 f6 18. exf6 Rxf6 19. Rd2 Rh6 20. h3 Rd8 21.
Rfd1 Rxd2 22. Rxd2 b5 23. Rd4 Kf7 24. Qf4+ Qxf4 25. Rxf4+ 1-0

[Event "ODJM A 2019"]
[Site "Willingen GER"]
[Date "2019.06.10"]
[Round "3"]
[White "Wübker, Paul-Luca"]
[Black "Terhuven, Patrick"]
[Result "0-1"]
[Termination "normal"]
[Board "1"]
[WhiteElo "2035"]
[BlackElo "2192"]
[WhiteClock "00:12:18"]
[BlackClock "00:05:33"]
[PlyCount "122"]
[WhiteFideId "12939528"]
[BlackFideId "12919098"]
[EventCountry "GER"]
[EventRounds "9"]
[EventType "swiss"]
[EventDate "2019.06.08"]

1. d4 d5 2. c4 e6 3. Nc3 Nf6 4. Nf3 Nbd7 5. Bf4 dxc4 6. e3 a6 7. Bxc4 b5 8. Be2
Bb7 9. O-O Be7 10. Rc1 O-O 11. Qc2 c5 12. Rfd1 Qb6 13. Ne5 Rac8 14. Nxd7 Nxd7
15. d5 e5 16. Bg3 f5 17. f3 c4 18. Kf1 Qxe3 19. d6 Bd8 20. Nd5 Bxd5 21. Rxd5
Bb6 22. Ke1 f4 23. Bh4 Qg1+ 24. Bf1 Ba5+ 25. Ke2 Qxh2 26. Be7 Qg1 27. Qe4 Bb6
28. Re1 Rf7 29. Rxe5 Nxe5 30. Qxe5 Qe3+ 31. Qxe3 fxe3 32. g3 Rxe7 33. dxe7 Kf7
34. Bh3 Rc7 35. Rd1 Kxe7 36. Bf5 g6 37. Be4 Rd7 38. Rxd7+ Kxd7 39. Bd5 Kd6 40.
Bg8 h6 41. f4 Bd4 42. b3 Kc5 43. Bf7 g5 44. fxg5 hxg5 45. bxc4 bxc4 46. a3 a5
47. g4 Bb2 48. Kxe3 Bxa3 49. Kd2 Bb2 50. Kc2 Be5 51. Bg6 a4 52. Kd2 Kb4 53. Bb1
a3 54. Ba2 Kc5 55. Kc2 Bb2 56. Kd2 Kd4 57. Kc2 c3 58. Bf7 Ke3 59. Be6 Ke2 60.
Kb1 Kd2 61. Bb3 Ba1 0-1

[Event "ODJM A 2019"]
[Site "Willingen GER"]
[Date "2019.06.10"]
[Round "3"]
[White "Savchenko, Daniel"]
[Black "Schimnatkowski, Lukas"]
[Result "1-0"]
[Termination "normal"]
[Board "2"]
[WhiteElo "2119"]
[BlackElo "2128"]
[WhiteClock "00:28:25"]
[BlackClock "00:06:04"]
[PlyCount "73"]
[WhiteFideId "12919195"]
[BlackFideId "12936723"]
[EventCountry "GER"]
[EventRounds "9"]
[EventType "swiss"]
[EventDate "2019.06.08"]

1. e4 c5 2. Nf3 d6 3. d4 cxd4 4. Nxd4 Nf6 5. Nc3 g6 6. f3 Bg7 7. Be3 Nbd7 8.
Qd2 a6 9. O-O-O h5 10. Bc4 b5 11. Bb3 Bb7 12. h3 Nc5 13. g4 Qa5 14. Kb1 Rc8 15.
Qf2 b4 16. Nd5 e6 17. Nxf6+ Bxf6 18. Ne2 Nxb3 19. axb3 Ke7 20. g5 Bxb2 21. Kxb2
Qa3+ 22. Kb1 Rxc2 23. Kxc2 Qa2+ 24. Kd3 a5 25. Bd4 e5 26. Nc1 Ba6+ 27. Ke3
exd4+ 28. Rxd4 Qa1 29. Qd2 Rc8 30. Rd1 Qb1 31. Rxd6 Rc3+ 32. Kf4 Bc8 33. Re6+
fxe6 34. Qd8+ Kf7 35. Qf6+ Kg8 36. Rd8+ Kh7 37. Rh8# 1-0

[Event "ODJM A 2019"]
[Site "Willingen GER"]
[Date "2019.06.10"]
[Round "3"]
[White "Tscheuschner, Georg"]
[Black "Doll, Alexander"]
[Result "0-1"]
[Termination "normal"]
[Board "3"]
[WhiteElo "2113"]
[BlackElo "1991"]
[WhiteClock "00:01:24"]
[BlackClock "00:04:10"]
[PlyCount "82"]
[WhiteFideId "12935549"]
[BlackFideId "16228294"]
[EventCountry "GER"]
[EventRounds "9"]
[EventType "swiss"]
[EventDate "2019.06.08"]

1. c4 e6 2. Nc3 d5 3. d4 Nf6 4. cxd5 exd5 5. Bg5 Nbd7 6. e3 c6 7. Bd3 Be7 8.
Qc2 Nh5 9. Bf4 Nxf4 10. exf4 Bd6 11. g3 Nf6 12. O-O-O Qb6 13. h3 Qxd4 14. Nb5
Bxf4+ 15. Kb1 Qb6 16. gxf4 cxb5 17. Re1+ Kf8 18. Nf3 Ne4 19. Bxe4 dxe4 20. Ne5
f6 21. Qxe4 fxe5 22. Qxe5 Qg6+ 23. Ka1 Bf5 24. Qc5+ Kg8 25. Rhg1 Qf6 26. Re7
Bg6 27. Rge1 Bf7 28. Qc7 Rf8 29. Qxb7 Qxf4 30. Qxa7 h5 31. Qb7 Qc4 32. Qa7 Kh7
33. R7e4 Ra8 34. Qxa8 Rxa8 35. Rxc4 Bxc4 36. b3 Bxb3 37. Kb2 Bxa2 38. Re5 Bc4
39. Rxh5+ Kg6 40. Rh4 Ra2+ 41. Kc3 Rxf2 0-1

[Event "ODJM A 2019"]
[Site "Willingen GER"]
[Date "2019.06.10"]
[Round "3"]
[White "Holtel, Jasper"]
[Black "Biermann, Lenhard"]
[Result "1-0"]
[Termination "normal"]
[Board "5"]
[WhiteTitle "FM"]
[WhiteElo "2272"]
[BlackElo "2069"]
[WhiteClock "00:23:37"]
[BlackClock "00:30:14"]
[PlyCount "85"]
[WhiteFideId "12956376"]
[BlackFideId "12970077"]
[EventCountry "GER"]
[EventRounds "9"]
[EventType "swiss"]
[EventDate "2019.06.08"]

1. e4 e6 2. d4 d5 3. exd5 exd5 4. Nf3 Nf6 5. Bd3 c5 6. O-O Be7 7. dxc5 O-O 8.
Be3 a5 9. Nc3 Na6 10. Na4 Be6 11. c6 Qc7 12. cxb7 Qxb7 13. b3 Ne4 14. Nd4 Bd7
15. f3 Nec5 16. Nxc5 Nxc5 17. Nf5 Bxf5 18. Bxf5 g6 19. Bd3 a4 20. Rb1 a3 21.
Re1 Ne6 22. Qe2 Rfe8 23. Qf2 Bb4 24. Re2 Re7 25. Kh1 Rae8 26. Bh6 Bc3 27. Bd2
Bd4 28. Qh4 Bg7 29. Rbe1 h6 30. Qb4 Qc7 31. Qxa3 Nc5 32. Rxe7 Rxe7 33. Rxe7
Qxe7 34. Qa8+ Kh7 35. Qxd5 Ne6 36. g3 Qf6 37. Kg2 Qa1 38. a4 Bd4 39. Qe4 Qg1+
40. Kh3 Bc3 41. Be3 Qe1 42. f4 Nc5 43. Bxc5 1-0

[Event "ODJM A 2019"]
[Site "Willingen GER"]
[Date "2019.06.10"]
[Round "3"]
[White "Parvanyan, Alfred"]
[Black "Kardoeus, David"]
[Result "1/2-1/2"]
[Termination "normal"]
[Board "6"]
[WhiteElo "2066"]
[BlackElo "2202"]
[WhiteClock "00:05:43"]
[BlackClock "00:12:07"]
[PlyCount "114"]
[WhiteFideId "13305832"]
[BlackFideId "12912050"]
[EventCountry "GER"]
[EventRounds "9"]
[EventType "swiss"]
[EventDate "2019.06.08"]

1. g3 Nf6 2. Bg2 g6 3. e4 d6 4. d4 Bg7 5. Ne2 O-O 6. O-O e5 7. Nbc3 Nc6 8. dxe5
dxe5 9. Be3 b6 10. Qxd8 Nxd8 11. Rfd1 c6 12. a4 Ng4 13. Bc1 a5 14. h3 Nf6 15.
Be3 Nd7 16. Rd6 Nc5 17. Rad1 Be6 18. f4 f6 19. Nc1 Re8 20. Bxc5 bxc5 21. Nd3 c4
22. Nc5 Bf8 23. Nxe6 Bxd6 24. Rxd6 Rxe6 25. Rd7 Nf7 26. Bf1 Rd6 27. Rc7 Rd4 28.
Rxc6 Nd6 29. Nb5 Nxb5 30. axb5 Rxe4 31. Bxc4+ Kh8 32. b6 Rb8 33. Ba6 Rb4 34. b7
Kg7 35. Rc8 R8xb7 36. Bxb7 Rxb7 37. fxe5 fxe5 38. b3 Rf7 39. Rc5 Kf6 40. Kf2
Ra7 41. Rc4 Rd7 42. Ke2 Kf5 43. Ra4 Rc7 44. Kd3 Rd7+ 45. Ke3 Rc7 46. c4 Rc5 47.
Ra1 h5 48. Rf1+ Kg5 49. Kd3 Rc8 50. Ra1 Rc5 51. Ke4 h4 52. g4 Kf6 53. Rf1+ Kg5
54. Ra1 Kf6 55. Rf1+ Kg5 56. Ra1 Kf6 57. Rf1+ Kg5 1/2-1/2

[Event "ODJM A 2019"]
[Site "Willingen GER"]
[Date "2019.06.10"]
[Round "3"]
[White "Hesse, Henrik"]
[Black "Korten, Lando"]
[Result "1-0"]
[Termination "normal"]
[Board "7"]
[WhiteElo "2166"]
[BlackElo "2127"]
[WhiteClock "00:02:29"]
[BlackClock "00:13:43"]
[PlyCount "137"]
[WhiteFideId "12952060"]
[BlackFideId "12989606"]
[EventCountry "GER"]
[EventRounds "9"]
[EventType "swiss"]
[EventDate "2019.06.08"]

1. c4 Nf6 2. g3 g6 3. Bg2 Bg7 4. Nc3 O-O 5. e3 d6 6. Nge2 e5 7. O-O Nc6 8. d3
Be6 9. Nd5 Rb8 10. Qa4 Qd7 11. Nxf6+ Bxf6 12. Nc3 Bg7 13. Nd5 Rfd8 14. Rb1 Bxd5
15. Bxd5 Ne7 16. Qxd7 Rxd7 17. Bf3 f5 18. b3 c6 19. Ba3 Rbd8 20. b4 b6 21. Rfd1
h5 22. c5 dxc5 23. bxc5 b5 24. Be2 Nd5 25. Rbc1 e4 26. d4 Kh7 27. Rc2 Kh6 28.
Bc1 g5 29. Bd2 Rg8 30. Rb1 a6 31. a4 f4 32. axb5 axb5 33. Ra2 Bf6 34. Ra6 Rc8
35. Bd1 fxe3 36. fxe3 Kg6 37. Bc2 Re7 38. Rf1 Re6 39. Bb3 Rd8 40. Rb1 Kf5 41.
Rf1+ Kg6 42. Rfa1 g4 43. Ra8 Ree8 44. Rxd8 Rxd8 45. Ra6 Ne7 46. Bc2 Kf5 47. Ra1
Bg5 48. Rf1+ Ke6 49. Bxe4 Ra8 50. Bc2 Ra3 51. Bb4 Rxe3 52. Bd2 Re5 53. Bb3+ Nd5
54. dxe5 Bxd2 55. Bxd5+ cxd5 56. c6 Ba5 57. Rc1 Bc7 58. Re1 b4 59. Kf2 b3 60.
Rb1 Bxe5 61. Rxb3 Kd6 62. Rb7 Kxc6 63. Rh7 d4 64. Ke2 Kd5 65. Kd3 Bf6 66. Rxh5+
Ke6 67. Rh6 Kf5 68. Rxf6+ Kxf6 69. Kxd4 1-0